Migration, Workers, and Fundamental Freedoms (Record no. 14377)

MARC details
000 -LEADER
fixed length control field 00632nam a2200121Ia 4500
008 - FIXED-LENGTH DATA ELEMENTS--GENERAL INFORMATION
fixed length control field 220615s9999||||xx |||||||||||||| ||und||
245 #0 - TITLE STATEMENT
Title Migration, Workers, and Fundamental Freedoms
Remainder of title Pandemic Vulnerabilities and States of Exception in India
546 ## - LANGUAGE NOTE
Language note English[eng]
650 ## - SUBJECT ADDED ENTRY--TOPICAL TERM
Topical term or geographic name entry element Central / national / federal government policies||Politics and government||Society and culture: general
700 ## - ADDED ENTRY--PERSONAL NAME
Personal name Hans, Asha||Kannabiran, Kalpana||Mohanty, Manoranjan
856 ## - ELECTRONIC LOCATION AND ACCESS
Uniform Resource Identifier <a href="https://library.oapen.org/bitstream/20.500.12657/46925/1/9781000389142.pdf||https://library.oapen.org/bitstream/20.500.12657/46925/1/9781000389142.pdf">https://library.oapen.org/bitstream/20.500.12657/46925/1/9781000389142.pdf||https://library.oapen.org/bitstream/20.500.12657/46925/1/9781000389142.pdf</a>
942 ## - ADDED ENTRY ELEMENTS (KOHA)
Koha item type E-Books
Holdings
Withdrawn status Lost status Damaged status Not for loan Home library Current library Date acquired Total Checkouts Date last seen Price effective from Koha item type
        Kerala University of Digital Sciences, Innovation and Technology Knowledge Centre Kerala University of Digital Sciences, Innovation and Technology Knowledge Centre 15/06/2022   15/06/2022 15/06/2022 E-Books